000 00632nam a2200181 i 4500
001 58763
003 ES-MaACL
005 20240518063031.0
007 t|
008 031024s1918 sp ||||1| spa d
100 1 _aQueirós, Eça de,
_d1845-1900
_994499
245 1 0 _aParis, Flaubert, "La antígona" de Sófocles, Victor Hugo, Lemaitre etc /
_cJosé María Eça de Queiroz ; traducción de Andrés González Blanco.
260 _aMadrid :
_bJosé Poveda,
_c1918.
300 _aVIII, 296 p. ;
_c17 cm.
700 1 _aGonzález-Blanco, Andrés,
_d1886-1924
_958459
852 _aES-MaACL
_jF-5350
999 _c58763
_d58763